Análisis estadístico en la comparación de frecuencias de riego

Gardado en:
Detalles Bibliográficos
Main Authors: Carreño F., Danitza (Author), Villarroel V., Carola (Author)
Formato: Libro
Idioma:Lingua castelá
Publicado: Valparaíso Universidad Católica de Valparaíso 1997
Subjects:
Tags: Engadir etiqueta
Sen Etiquetas, Sexa o primeiro en etiquetar este rexistro!

MARC

LEADER 00000nam a2200000 a 4500
001 UCP7201
003 CL-VaPUC
008 991203e19970000CL |||||||||||||||||spa|d
082 0 4 |a 519.5  |b CAR  |2 21 
100 0 |a Carreño F., Danitza  |e author  |9 436650 
700 0 |a Villarroel V., Carola  |e author  |9 436651 
245 1 0 |a Análisis estadístico en la comparación de frecuencias de riego 
300 |a 91 h 
942 |c BK 
945 |d 19991203 00:00:00  |a rbrito 
260 |a Valparaíso  |b Universidad Católica de Valparaíso  |c 1997 
500 |a Taller de Estadística, prof. guía: Inés Guerrero Santana 
650 0 |a Análisis estadístico  |9 269506 
650 0 |a Estadística matemática  |9 260028 
650 0 |a Riego  |9 259685 
650 0 |a Viticultura  |9 301210 
583 |a last modification  |c 20130403 01:43:49  |k Rodrigo Vera 
999 |c 284513  |d 284511 
952 |0 0  |1 2  |4 0  |6 519_500000000000000_CAR_1997  |7 0  |8 F  |9 328577  |a BIBGIM  |b BIBGIM  |d 2019-11-20  |i 3572587  |o 519.5 CAR 1997  |p 3572587  |r 2019-11-20  |w 2019-11-20  |y BK_F  |k EST